000 00584nam a2200205Ia 4500
005 20250508152806.0
008 008 250505s9999 xx 000 0 eng d
037 _aTextual
040 _aFEDL
_beng
_cFEDL
041 _aeng
_2eng
084 _a025.3, DUT
_qFEDL
100 _aDutta Dwijendranath
_9761159
245 0 _aIntroduction to library cataloguing
260 _aCalcutta, India
_bThe World Press Private Limited
_c1958
300 _aix,146p
365 _aINR
_b70
650 _aLibrary science
942 _cTEXL
_h025.3, DUT
999 _c1338778
_d1338778